| Tag |
First Indicator |
Second Indicator |
Subfields |
| LEADER |
00000pam a2200000 a 4500 |
| 001 |
in00000431925 |
| 005 |
20151012064136.0 |
| 008 |
850709s1985 njua b 00110 eng |
| 010 |
|
|
|a 85014507
|
| 020 |
|
|
|a 0847674509 :
|c $27.50 (est.)
|
| 035 |
|
|
|a (OCoLC)12312312
|
| 035 |
|
|
|9 ABW1293AM
|
| 039 |
0 |
|
|a 2
|b 3
|c 3
|d 3
|e 3
|
| 040 |
|
|
|a DLC
|c DLC
|d TXA
|d UtOrBLW
|
| 043 |
|
|
|a d------
|
| 049 |
|
|
|a TXAM
|c [A09803436]
|
| 050 |
0 |
0 |
|a HC59.7
|b .R43 1985
|
| 082 |
0 |
|
|a 330.9172/4
|2 19
|
| 100 |
1 |
|
|a Reitsma, H. A.
|
| 245 |
1 |
4 |
|a The Third World in perspective /
|c H.A. Reitsma and J.M.G. Kleinpenning ; with a foreword by Stanley Brunn.
|
| 264 |
|
1 |
|a Totowa, NJ :
|b Rowman & Allanheld,
|c 1985.
|
| 300 |
|
|
|a xxii, 420 pages :
|b illustrations ;
|c 25 cm.
|
| 336 |
|
|
|a text
|b txt
|2 rdacontent
|
| 337 |
|
|
|a unmediated
|b n
|2 rdamedia
|
| 338 |
|
|
|a volume
|b nc
|2 rdacarrier
|
| 500 |
|
|
|a Includes indexes.
|
| 504 |
|
|
|a Bibliography: pages 398-406.
|
| 650 |
|
0 |
|a Economic development.
|
| 651 |
|
0 |
|a Developing countries
|x Economic conditions.
|
| 651 |
|
0 |
|a Developing countries
|x Economic policy.
|
| 700 |
1 |
|
|a Kleinpenning, J. M. G.
|
| 999 |
|
|
|a MARS
|
| 999 |
f |
f |
|s 36e7cea0-2a60-3ae1-bf40-d840e6fae8ba
|i 8863ccb3-b692-3419-8cdd-f559b22cc0dc
|t 0
|
| 952 |
f |
f |
|p ric
|a Texas A&M University
|b Rellis Campus
|c Joint Library Facility
|d Remote Storage
|t 0
|e HC59.7 .R43 1985
|h Library of Congress classification
|i unmediated -- volume
|m A14809803436
|
| 998 |
f |
f |
|a HC59.7 .R43 1985
|t 0
|l Remote Storage
|